[Event "Groningen Festival 2018"]
[Site "Groningen"]
[Date "2018.12.24"]
[Round "4"]
[White "Maris, Ivo"]
[Black "Plat, Vojtech"]
[Result "0-1"]
[WhiteElo "2351"]
[BlackElo "2550"]
[Annotator "TA"]
[PlyCount "62"]
[EventDate "2018.12.22"]
[EventType "swiss"]
[EventCountry "NED"]
[SourceTitle "playchess.com"]
[Source "ChessBase"]
[SourceQuality "1"]

{[%evp 9,62,-28,-13,-42,-20,-41,-36,-37,-30,-56,15,-22,29,0,14,0,3,0,-18,-24,-13,-13,0,0,0,-41,-83,-71,0,24,137,108,117,115,77,99,145,0,393,393,319,290,313,173,169,-140,-140,-141,-144,-135,-152,-1606,-1604,-1739,-1725]} 1. b4 e5 2. a3 Nf6 3. Bb2 d6 4. g3 (4. Nf3 Be7 5. c4 O-O 6. e3 Bg4 7. Be2 Nc6 8. d4 exd4 9. Nxd4 Bxe2 10. Qxe2 Nxd4 11. Bxd4 c5 {1-0 (47) Bortnyk,M (2416)-Voitovich,V (2352) Lutsk 2016}) 4... Be7 5. Bg2 c6 6. c4 {A00: Irregular Openings} a5 7. b5 $146 ({Predecessor:} 7. d3 axb4 8. axb4 Rxa1 9. Bxa1 Qb6 10. Bc3 Na6 11. Qa4 Ng4 12. Nh3 O-O 13. Nd2 d5 14. c5 {½-½ (14) Hanison,B-Skaug,T ICCF corr 1990}) 7... Be6 8. d3 {Black is slightly better.} O-O 9. Nf3 Nfd7 (9... cxb5 $15 10. cxb5 a4) 10. O-O f5 (10... cxb5 $142 11. cxb5 f6) 11. Nfd2 d5 12. cxd5 cxd5 13. Qb3 Nc5 14. Qc2 Nbd7 15. d4 Ne4 16. dxe5 Qb6 17. a4 Nxf2 18. Rxf2 {Nb3 is the strong threat.} Bc5 ({Better is} 18... f4 $1 $17 {[%cal Rf4g3] And now ...fxg3 would win.} 19. gxf4 Bc5) 19. e3 $1 $11 f4 (19... Bxe3 $11 20. Nf1 Bc5) 20. Kh1 (20. Rxf4 $6 Bxe3+ 21. Kh1 Bxf4 $11) 20... fxe3 21. Rxf8+ Rxf8 22. Nf3 {Black must now prevent Ng5.} d4 {next ...Bd5 is good for Black.} 23. Na3 (23. Ng5 $1 $16 {[%csl Gg5][%cal Rc2h7]} Rf5 24. Ne4) 23... Kh8 $2 {[%mdl 8192]} (23... Rxf3 $1 $11 {and Black stays safe.} 24. Bxf3 Nxe5) 24. Nc4 $18 Qc7 25. Ng5 {[%csl Gg5][%cal Rc2h7]} Bg8 26. Rc1 (26. e6 $142) 26... Be7 27. e6 $2 ({White has to play} 27. Bxd4 $18 Qxc4 28. Qxc4 Bxc4 29. Bxe3 (29. Rxc4 e2 $16) 29... Nxe5 30. Bf4 (30. Bxb7 Bg8 $16)) 27... Bxg5 $17 28. Bxd4 {[#]} e2 $1 29. Qc3 {[%csl Gc3][%cal Rd4g7] [#]} Ne5 $1 {[%mdl 512]} 30. Bxe5 $2 (30. Re1 $17 Qxc4 31. Qxc4 Nxc4 32. Rxe2) (30. Nxe5 Qxc3) 30... Bxc1 $19 31. Qxc1 {[#]} Rd8 $3 {[%mdl 512] Accuracy: White = 21%, Black = 52%.} 0-1

[Event "Groningen Festival 2018"]
[Site "Groningen"]
[Date "2018.12.24"]
[Round "4"]
[White "Cerveny, Martin"]
[Black "Jedlicka, Ales"]
[Result "1-0"]
[WhiteElo "2347"]
[BlackElo "2226"]
[Annotator "TA"]
[PlyCount "86"]
[EventDate "2018.12.22"]
[EventType "swiss"]
[EventCountry "NED"]
[SourceTitle "playchess.com"]
[Source "ChessBase"]
[SourceQuality "1"]

{[%evp 18,86,29,11,52,57,77,77,76,61,84,79,84,89,93,92,109,98,204,91,198,119,204,125,178,117,122,85,80,99,123,110,119,97,146,104,87,55,55,74,103,102,100,96,106,102,102,90,112,21,101,93,100,101,87,92,75,101,93,17,227,20,477,457,5089,6941,6925,6925,2834,2011,29990]} 1. d4 Nf6 2. c4 e6 3. Nf3 Bb4+ 4. Bd2 Qe7 5. g3 Nc6 6. Nc3 O-O 7. Bg2 Na5 {E11: Bogo-Indian} (7... d6 8. O-O a5 9. Rc1 Bxc3 10. Bxc3 e5 11. d5 Nb8 12. c5 Nbd7 13. cxd6 cxd6 14. Nd2 b5 15. b3 Nb6 16. e4 b4 17. Bb2 Ba6 18. Re1 {½-½ (32) Riazantsev,A (2671)-Bologan,V (2640) Doha 2016}) 8. b3 b6 9. O-O Bb7 10. d5 {LiveBook: 3 Games} exd5 11. Nxd5 Nxd5 12. cxd5 Rae8 $146 ({Predecessor:} 12... Rfe8 13. Bxb4 Qxb4 14. Nd4 c5 15. Nf5 {1-0 (30) Principe,G (2252)-Garmendia Vega,G (2055) Antofagasta 2016}) 13. Re1 c6 14. e4 Bxd2 15. Qxd2 cxd5 16. exd5 Qd6 17. Nd4 g6 (17... Ba6 $16) 18. h4 (18. Nb5 $1 $18 {[%cal Rb5d6] is the precise move to win.} Qf6 19. Nc7 (19. Nxa7 Ra8 $11)) 18... Qf6 (18... Ba6 $16 {keeps fighting.}) 19. Rac1 (19. Nb5 $1 $18) 19... Rc8 (19... Rxe1+ $16 20. Rxe1 Ba6) 20. Qd3 {Threatens to win with b4.} Ba8 (20... Rxc1 $16 21. Rxc1 Qe7) 21. h5 (21. Rxc8 $18 Rxc8 22. Nb5) 21... Nb7 22. h6 Rxc1 23. Rxc1 Qg5 24. Qe3 Qxe3 25. fxe3 Nc5 26. e4 a5 27. g4 f6 28. a3 Kf7 29. b4 axb4 30. axb4 Nd3 31. Rc7 Ke7 32. Ra7 Nxb4 33. Nb5 ({Better is} 33. Bf1 $16) 33... f5 (33... Rb8 $1 $11 {keeps the balance.}) 34. g5 $16 {Black must now prevent d6+.} fxe4 {[#]} 35. Bh3 $1 Rd8 36. d6+ Kf8 37. Bxd7 Bd5 38. Nd4 ({White should play} 38. Nc3 $16) 38... Ra8 $2 {[#]} (38... Nd3 $11 {and Black is okay.}) 39. Rc7 $2 ({Only move:} 39. Ne6+ $1 $18 Kf7 40. Rc7 (40. Rxa8 Bxa8 41. Nf4 Bb7 $14) 40... Ra1+ 41. Kf2 e3+ 42. Ke2 Ra2+ 43. Kxe3 Ra3+ 44. Ke2 (44. Kd4 Rd3+ 45. Ke5 Re3+ 46. Kf4 Re4+ 47. Kg3 Nd3 $18) 44... Ra2+ 45. Kf1 Ra1+ 46. Kf2 Ra2+ 47. Kg3 Rg2+ 48. Kf4 Rf2+ 49. Ke3) 39... e3 $2 {[%mdl 8192]} (39... Na6 $1 $11 40. Ne6+ Bxe6 41. Bxe6 Nxc7 42. dxc7 Ke7) 40. Be6 $18 {White is clearly winning.} Ra1+ (40... e2 $142 41. Rf7+ Kg8) 41. Kh2 {[%cal Rc7c8]} Rh1+ 42. Kg3 {[%cal Rc7c8]} Rg1+ 43. Kf4 {[%cal Rc7c8]} Rf1+ {Precision: White = 42%, Black = 35%.} 1-0

[Event "Groningen Festival 2018"]
[Site "Groningen"]
[Date "2018.12.24"]
[Round "4"]
[White "De Jong, Migchiel"]
[Black "Warmerdam, Max"]
[Result "0-1"]
[WhiteElo "2323"]
[BlackElo "2433"]
[Annotator "TA"]
[PlyCount "131"]
[EventDate "2018.12.22"]
[EventType "swiss"]
[EventCountry "NED"]
[SourceTitle "playchess.com"]
[Source "ChessBase"]
[SourceQuality "1"]

{[%evp 18,131,32,27,32,26,37,41,33,34,44,0,0,0,0,-31,47,31,64,64,91,72,85,66,78,76,60,55,187,95,167,55,29,37,32,38,109,81,77,-1,-5,-45,-45,-81,-78,-84,-86,-116,0,-34,-37,-35,-33,-43,-35,-70,-56,-65,-71,-90,-91,-75,-69,-100,-111,-115,-111,-101,-98,-93,-113,-113,-104,-144,-78,-125,-129,-129,-83,-95,-70,-85,-91,-101,-105,-108,-77,-86,-71,-100,-36,-108,-103,-361,-27,-181,-173,-166,-177,-163,-46,-219,-211,-392,-383,-674,-672,-1673,-1658,-29986,-29987,-29987,-29988,-29988,-29989,-29992]} 1. e4 e5 2. Nf3 Nc6 3. Bb5 g6 4. O-O Bg7 5. c3 a6 6. Ba4 d6 7. d4 Bd7 8. Be3 Nf6 9. Nbd2 O-O 10. Re1 {LiveBook: 9 Games. C76: Ruy Lopez: Deferred Steinitz: 5 c3 Bd7 6 d4 g6} Re8 11. Bc2 Ng4 $146 ({Predecessor:} 11... exd4 12. cxd4 Bg4 13. h3 Bxf3 14. Qxf3 Nd7 15. Nb3 a5 16. Rad1 Nb6 17. Qe2 a4 {1-0 (42) Lu,S (2635)-Aryan,C (2541) Bhubaneswar 2018}) 12. Bg5 {White is slightly better.} Bf6 13. Bxf6 Nxf6 14. b4 {[%cal Bb2b4,Bb4b5][%mdl 32]} exd4 15. Nxd4 a5 16. Qb1 b6 (16... Nh5 $15) 17. b5 $1 $36 {[%cal Rb5c6][%mdl 2048] White has good play.} Nb8 18. f4 Nh5 19. g3 Bc8 20. Bd1 Ng7 21. Bf3 Bb7 22. e5 d5 (22... Bxf3 $14 23. N2xf3 dxe5 24. Nxe5 Nd7) 23. Qd3 (23. Nc4 $18) 23... Ne6 (23... Nd7 $16) 24. f5 (24. Rad1 $18) 24... Nc5 25. Qe3 {Strongly threatening e6.} Nbd7 26. e6 fxe6 (26... Qf6 $1 $14) 27. fxe6 $16 {Threatens to win with e7.} Nf6 28. Qh6 (28. Re2 $16) 28... Qe7 $11 29. Re3 Nfe4 30. Nxe4 dxe4 31. Be2 Bd5 $1 32. Bg4 Bxe6 (32... Rf8 $17 33. Re2 Bc4) 33. Bxe6+ (33. Nxe6 {is interesting.} Nxe6 34. Rxe4 Qc5+ 35. Qe3 Qxe3+ 36. Rxe3 Nc5 37. Rae1) 33... Nxe6 34. Rxe4 Qg5 35. Qxg5 Nxg5 36. Rxe8+ Rxe8 $15 {[%mdl 4096] Endgame KRN-KRN} 37. h4 $1 {[%cal Rh4g5]} Nf7 38. Kf2 Nd6 39. Rc1 Kf7 40. Rc2 Re5 41. a4 Kf6 42. g4 Ne4+ 43. Kf3 {Black must now prevent Re2.} Nc5 44. g5+ Kf7 45. Rd2 Re4 ({Better is} 45... Nxa4 46. Nc6 Rf5+ 47. Kg4 Nc5) 46. Rf2 Ke8 47. Rh2 Re7 48. Nc6 Rf7+ 49. Kg4 Nxa4 50. Re2+ Kf8 51. c4 Nc5 52. h5 gxh5+ 53. Kxh5 Nb7 (53... Nd3 $17 {...Nf4+ is the strong threat.} 54. Re3 Nc5) 54. Ne5 (54. g6 $15 Rg7 55. gxh7 Rxh7+ 56. Kg6) 54... Re7 55. Kh6 $2 {[%mdl 8192]} (55. g6 $17) 55... Nd6 $2 (55... Ke8 $19 56. Re1 Nd6) 56. Rf2+ $2 (56. g6 $11 Kg8 57. gxh7+ Rxh7+ 58. Kg6) 56... Kg8 $19 57. Ng4 {With the idea Nf6+.} Nf7+ $1 ({Inferior is} 57... Nxc4 58. Nf6+ Kh8 59. g6 $11) 58. Kh5 {[#]} Kg7 ({Black should try} 58... Re1 $1 $19 {[%cal Re1h1] And now ...Rh1+ would win.} 59. Nh6+ Nxh6 60. gxh6 Re5+ 61. Kg4 Rc5) 59. Nf6 $2 (59. Nh6 $15 Nd6 {[#]} 60. c5 $1 {[%mdl 512]} bxc5 61. Nf5+ Nxf5 62. Rxf5) 59... Re1 60. Nd5 $2 (60. c5) 60... Ne5 {( -> ...Rh1+)} 61. Rh2 $2 (61. Kh4 Re4+ 62. Kg3 Rg4+ 63. Kh3 Rxc4 64. Ne7) 61... a4 {[%cal Ba5a4,Ba4a3,Ba3a2][%mdl 32]} 62. Nxc7 a3 63. Ne6+ Kg8 {Black mates.} 64. Nd4 a2 65. Nb3 Rb1 66. c5 {Accuracy: White = 31%, Black = 54%.} 0-1

[Event "Groningen Festival 2018"]
[Site "Groningen"]
[Date "2018.12.24"]
[Round "4"]
[White "Schippers, Maurice"]
[Black "Lahaye, Rick"]
[Result "1/2-1/2"]
[WhiteElo "2270"]
[BlackElo "2404"]
[Annotator "TA"]
[PlyCount "161"]
[EventDate "2018.12.22"]
[EventType "swiss"]
[EventCountry "NED"]
[SourceTitle "playchess.com"]
[Source "ChessBase"]
[SourceQuality "1"]

{[%evp 19,161,12,19,-31,-28,-39,-35,-45,-31,-68,-55,-62,-49,-95,-72,-118,-104,-135,0,-180,-170,-176,-175,-158,-84,-120,-122,-181,-180,-166,-99,-88,0,-121,-88,-87,-82,-95,-79,-77,-60,-99,0,0,0,0,0,0,0,0,0,0,0,0,3,8,0,-18,-15,-31,0,8,11,8,8,8,8,8,9,0,0,0,0,0,0,-13,-12,-20,-14,-16,-19,-38,-33,-97,-21,-60,-58,-80,-80,-80,-67,-89,-29,-120,-23,-17,-19,-55,-64,-67,0,0,0,0,0,-8,-8,-8,-8,-8,-20,-20,-8,-80,-8,-8,-8,-8,0,0,0,0,0,0,0,0,0,0,8,0,0,0,0,0,57,0,32,0,0,0,0,0,0,0]} 1. e4 c5 2. Nf3 d6 3. d4 cxd4 4. Nxd4 Nf6 5. Nc3 a6 6. g3 b5 7. Bg2 Bb7 8. O-O e6 9. a3 {B91: Sicilian Najdorf: 6 g3} (9. Re1 Nbd7 10. e5 Bxg2 11. exf6 Bb7 12. fxg7 Bxg7 13. Nxe6 fxe6 14. Rxe6+ Kf8 15. Rxd6 Qc8 16. Rxd7 Qc6 17. Qd5 Qxd5 18. Nxd5 Bc6 19. Rd6 Rc8 20. Nb6 Rc7 21. Bf4 Bxb2 22. Re1 Kf7 23. Rde6 {1-0 (23) Artemiev,V (2691)-Korobov,A (2652) Riadh 2017}) 9... Nbd7 10. Re1 Qc7 {LiveBook: 17 Games} 11. g4 h6 $1 12. f4 Nb6 13. Qf3 $146 ({Predecessor:} 13. g5 hxg5 14. fxg5 Nfd7 15. g6 {½-½ (62) Vos,J-Smits,S Hengelo 2004}) 13... Be7 14. g5 hxg5 15. fxg5 Nfd7 $1 16. g6 Bf6 $1 {[%cal Rf6d4]} 17. gxf7+ Kxf7 18. Nce2 Rh4 (18... Rae8 $17 19. Qg3 Kg8) 19. Ng3 $2 (19. Bg5 $11 Ne5 20. Qf2 Rxh2 21. Nf4 (21. Bxf6 gxf6 22. Nxe6 Qd7 $11)) 19... Ne5 $1 $19 {[%cal Re5f3]} 20. Qf1 Rah8 21. h3 Ke7 (21... Qc5 $142 $1 22. Be3 Nbc4) 22. c3 Qc4 23. Be3 (23. b3 $17 Qxf1+ 24. Rxf1) 23... Qxf1+ $1 24. Rxf1 Nbc4 (24... Na4 $1 $19 25. Rf2 Nc5) 25. Bc1 $17 Nb6 (25... Nd3 $17 26. e5 dxe5 27. Ngf5+ exf5 28. Nxf5+ Ke6 29. Nxh4 Bxg2 30. Nxg2 Rxh3) 26. b3 (26. Be3 $1 $11) 26... Nbd7 27. a4 bxa4 28. Rxa4 Nc5 29. Ra2 Kd7 (29... Rxh3 {is interesting.} 30. Bxh3 Rxh3 31. Kg2 Rh4 32. Rf4 Rh8) 30. b4 Nxe4 (30... Ncd3 $17 31. b5 Ra8) 31. Nxe4 $11 Bxe4 32. Rxa6 Bxg2 33. Kxg2 Rxh3 34. Ra7+ Ke8 35. Bf4 $1 Rxc3 36. Ra8+ Kd7 37. Rxh8 Ng6 38. Rh7 ({Wrong is} 38. Bd2 $2 Rd3 $19) 38... Bxd4 39. Bg3 Kc6 40. Rd1 Rc2+ (40... Ne7 {looks sharper.} 41. Rxd4 Rxg3+ 42. Kxg3 Nf5+ 43. Kf2 Nxd4 44. Rxg7 Kb5) 41. Kh3 Rc4 42. b5+ Kxb5 43. Bxd6 Bf6 44. Kg2 e5 45. Kf1 Kc6 46. Ba3 Rd4 47. Rc1+ Kd5 48. Rh2 Nf4 49. Bb2 Rd3 50. Ra1 Ke4 51. Ke1 (51. Re1+ $15 Kf5 52. Rh8) 51... Rg3 (51... Kf3 $17) 52. Ra4+ Kf5 53. Kf1 Rf3+ 54. Ke1 Rb3 {And now ...Nd3+ would win.} 55. Bc1 Rb1 (55... Nd3+ $17 56. Kd1 Rb1) 56. Kd1 {[#]} (56. Kd2 $11 {remains equal.}) 56... g5 (56... Nd3 $1 $17 57. Kc2 Rxc1+ 58. Kxd3 e4+ 59. Ke3 Bg5+ 60. Kd4 e3) 57. Kc2 Rb6 58. Be3 Rc6+ 59. Kd1 g4 ({Better is} 59... Rc3 $15 60. Bd2 Rf3) 60. Bxf4 $1 exf4 {[%mdl 4096] Endgame KRR-KRB} 61. Rh5+ $1 Kg6 62. Rb5 Bg5 63. Ra8 Rd6+ 64. Kc2 $1 {Strongly threatening Rg8+.} Bd8 65. Ra4 Rf6 {aiming for ...g3.} 66. Ra8 {[#]} (66. Kd3 $11) 66... Rf8 (66... f3 $1 $17 67. Ra4 Kh6 68. Rxg4 f2) 67. Ra6+ $1 ({Avoid the trap} 67. Rbb8 $2 f3 $19) 67... Bf6 68. Ra4 Rc8+ 69. Kd3 Bg5 70. Ra6+ Kh5 71. Raa5 Rg8 {...g3 is the strong threat.} 72. Ke2 Kh4 73. Kf2 Rg6 74. Rd5 Rg7 75. Rf5 Rg8 76. Rab5 f3 (76... Ra8 $11) 77. Ra5 (77. Rb1 $14 Kh5 78. Kg3) 77... Rg7 78. Rab5 Ra7 {Hoping for ...Ra2+.The position is equal.} 79. Rxg5 {[%csl Gb5][%cal Rg5h5]} Ra2+ 80. Kf1 {Threatens to win with Ra5.} Kg3 {( -> ...Ra1+)} 81. Rxg4+ $1 {Accuracy: White = 45%, Black = 59%.} 1/2-1/2

[Event "Groningen Festival 2018"]
[Site "Groningen"]
[Date "2018.12.24"]
[Round "4"]
[White "Van Meegen, Ruud"]
[Black "Kollen, Zyon"]
[Result "1/2-1/2"]
[WhiteElo "2230"]
[BlackElo "2363"]
[Annotator "TA"]
[PlyCount "96"]
[EventDate "2018.12.22"]
[EventType "swiss"]
[EventCountry "NED"]
[SourceTitle "playchess.com"]
[Source "ChessBase"]
[SourceQuality "1"]

{[%evp 14,96,27,21,45,33,63,55,78,64,78,42,78,77,79,79,107,109,191,193,191,184,220,181,178,187,210,202,202,170,189,161,177,156,190,169,173,120,111,121,156,110,123,120,120,64,76,65,64,30,30,30,30,30,30,30,30,30,30,0,22,0,0,0,22,22,44,0,44,44,44,44,51,51,51,51,56,10,51,51,51,51,51,51,51]} 1. Nf3 Nf6 2. c4 e6 3. b3 d5 4. Bb2 Be7 5. e3 b6 (5... dxc4 6. bxc4 c5 7. Nc3 b6 8. g4 Bb7 9. g5 Nfd7 10. h4 Ne5 11. Nxe5 Bxh1 12. Qa4+ Nd7 13. f3 {0-1 (49) Mamedyarov,S (2801)-Nakamura,H (2777) Saint Louis 2018}) 6. Nc3 {A13: English Opening: 1...e6} c6 7. Qc2 Nbd7 8. d4 {LiveBook: 13 Games. White has an edge.} a6 9. Bd3 b5 $146 ({Predecessor:} 9... Bb7 10. O-O Rc8 11. Qe2 a5 12. Ne5 O-O 13. f4 Bd6 14. Rac1 Qe7 15. cxd5 Nxd5 {0-1 (45) Gonzalez Intelangelo,G (2040)-Hernandez Delgado,C (1565) Las Palmas 2015}) 10. O-O Rb8 11. Rab1 h6 12. a3 O-O 13. c5 Qc7 14. Ne2 Ne8 15. b4 f5 (15... a5 $16 {keeps fighting.}) 16. Nf4 $18 Rf6 17. h4 g6 18. Qe2 Ng7 19. g3 Nf8 20. Kg2 Bd7 21. Rh1 Be8 22. Rh2 Bd8 23. Bc2 a5 24. Bc3 axb4 25. axb4 (25. Rxb4 $18 Qa7 26. Rh1) 25... Ra8 $16 26. Rhh1 Qb8 27. Ra1 Rxa1 28. Rxa1 Rf7 29. Qd1 (29. Rh1 $16) 29... Ra7 $14 30. Rxa7 (30. Nd3 {seems wilder.} g5 31. hxg5 hxg5 32. Nfe5 Rxa1 33. Bxa1 Qa7 34. Bb2) 30... Qxa7 31. Qa1 Qxa1 32. Bxa1 g5 33. hxg5 hxg5 34. Nd3 Nd7 35. Nfe5 Nxe5 36. Nxe5 (36. dxe5 {with more complications.} g4 37. Bc3 Kf7 38. Bb2 Ke7 39. Nf4) 36... Bf6 37. Nd3 Bh5 38. f3 Bd8 39. Bc3 Bc7 40. Bd2 Ne8 41. Ne5 Bxe5 42. dxe5 {[%mdl 4096] Endgame KBB-KBN} Kg7 43. Kf2 Nc7 44. Bb3 Na6 45. f4 gxf4 46. gxf4 {White is slightly better.} Kh6 47. Bc2 Bg4 48. Kg3 Kh5 {Accuracy: White = 52%, Black = 49%.} 1/2-1/2

[Event "Groningen Festival 2018"]
[Site "Groningen"]
[Date "2018.12.26"]
[Round "5"]
[White "Krasenkow, Michal"]
[Black "Kabos, Tobias"]
[Result "1-0"]
[WhiteElo "2630"]
[BlackElo "2299"]
[Annotator "RC"]
[PlyCount "87"]
[EventDate "2018.12.22"]
[EventType "swiss"]
[EventCountry "NED"]
[SourceTitle "playchess.com"]
[Source "ChessBase"]
[SourceQuality "1"]
[TimeControl "40/5400+30:1800+30"]

1. d4 {[%emt 0:00:00]} Nf6 {[%emt 0:00:00]} 2. c4 {[%emt 0:00:00]} e6 {[%emt 0:00:15]} 3. Nf3 {[%emt 0:00:07]} d5 {[%emt 0:00:27]} 4. Qc2 {[%emt 0:01:51]} Be7 {[%emt 0:03:31]} 5. Bg5 {[%emt 0:00:59]} O-O {[%emt 0:06:20]} 6. Nbd2 {[%emt 0:00:27]} b6 {[%emt 0:04:20]} 7. cxd5 {[%emt 0:03:19]} exd5 {[%emt 0:01:29]} 8. e3 {[%emt 0:00:48]} Bb7 {[%emt 0:05:15]} 9. Bd3 {[%emt 0:00:26]} h6 {[%emt 0:04:32]} 10. Bxf6 {[%emt 0:04:15]} Bxf6 {[%emt 0:02:32]} 11. O-O {[%emt 0:01:06]} Nd7 {[%emt 0:04:37]} 12. b4 {[%emt 0:01:37]} c6 {[%emt 0:10:55]} 13. e4 {[%emt 0:04:21]} dxe4 {[%emt 0:02:38]} 14. Bxe4 {[%emt 0:00:28]} Rc8 {[%emt 0:04:41]} 15. Rab1 {[%emt 0:04:35]} Qc7 {[%emt 0:03:48]} 16. Rfe1 {[%emt 0:04:25]} Rfe8 {[%emt 0:04:19]} 17. Nc4 {[%emt 0:01:19]} Nf8 {[%emt 0:05:18]} 18. Nce5 {[%emt 0:03:32]} Ne6 {[%emt 0:02:39]} 19. Qc4 {[%emt 0:01:56]} Kf8 {[%emt 0:05:34]} 20. Ng4 {[%emt 0:10:58]} Ng5 {[%emt 0:09:11]} 21. Nxg5 {[%emt 0:12:12]} hxg5 {[%emt 0:01:26]} 22. Re3 {[%emt 0:06:29]} Qd6 {[%emt 0:01:50]} 23. Nxf6 {[%emt 0:05:06]} gxf6 {[%emt 0:00:38]} 24. Qe2 {[%emt 0:04:34]} Kg7 {[%emt 0:00:42]} 25. h4 {[%emt 0:04:33]} Rh8 {[%emt 0:01:45]} 26. h5 {[%emt 0:01:23]} Rc7 {[%emt 0:00:57]} 27. Bf3 {[%emt 0:03:13]} Bc8 {[%emt 0:01:48]} 28. Rc1 {[%emt 0:05:10]} Be6 {[%emt 0:01:08]} 29. b5 {[%emt 0:02:41]} cxb5 {[%emt 0:00:36]} 30. Rxc7 {[%emt 0:00:10]} Qxc7 {[%emt 0:00:07]} 31. d5 {[%emt 0:00:21]} Bc8 {[%emt 0:04:26]} 32. g3 {[%emt 0:08:18]} Qc4 {[%emt 0:00:41]} 33. Qd2 {[%emt 0:00:34]} Bh3 {[%emt 0:01:24]} 34. Be2 {[%emt 0:01:36]} Qc8 {[%emt 0:01:31]} 35. d6 {[%emt 0:00:57]} Qf5 {[%emt 0:01:54]} 36. Re7 {[%emt 0:01:37]} Rd8 {[%emt 0:01:22]} 37. Qd4 {[%emt 0:00:55]} g4 {[%emt 0:02:22]} 38. h6+ {[%emt 0:00:27]} Kf8 {[%emt 0:01:00]} 39. Bd3 {[%emt 0:00:58]} Qf3 {[%emt 0:00:32]} 40. Be4 {[%emt 0:00:31]} Qe2 {[%emt 0:00:28]} 41. Bg2 {[%emt 0:31:30]} Rxd6 {[%emt 0:06:51]} 42. Qxd6 {[%emt 0:00:00]} Qxe7 {[%emt 0:00:06]} 43. Qb8+ {[%emt 0:00:00]} Qe8 {[%emt 0:00:07]} 44. Qxe8+ {[%emt 0:00:00]} 1-0

[Event "Groningen Festival 2018"]
[Site "Groningen"]
[Date "2018.12.26"]
[Round "5"]
[White "Plat, Vojtech"]
[Black "Schoppen, Casper"]
[Result "1/2-1/2"]
[WhiteElo "2550"]
[BlackElo "2431"]
[Annotator "ChessBase"]
[PlyCount "109"]
[EventDate "2018.12.22"]
[EventType "swiss"]
[EventCountry "NED"]
[SourceTitle "playchess.com"]
[Source "ChessBase"]
[SourceQuality "1"]
[TimeControl "40/5400+30:1800+30"]

1. e4 {[%emt 0:00:00]} c5 {[%emt 0:00:05]} 2. Nf3 {[%emt 0:00:00]} Nc6 {[%emt 0:00:25]} 3. c3 {[%emt 0:00:03]} e6 {[%emt 0:08:36]} 4. d4 {[%emt 0:05:50]} d5 {[%emt 0:00:36]} 5. exd5 {[%emt 0:00:10]} exd5 {[%emt 0:00:20]} 6. Bb5 {[%emt 0:00:46]} Bd6 {[%emt 0:01:22]} 7. Be3 {[%emt 0:11:07]} cxd4 {[%emt 0:15:38]} 8. Nxd4 {[%emt 0:00:19]} Nge7 {[%emt 0:00:52]} 9. Nd2 {[%emt 0:00:12]} O-O {[%emt 0:00:27]} 10. N2f3 {[%emt 0:00:04]} Qc7 {[%emt 0:03:00]} 11. Bd3 {[%emt 0:08:11]} Nxd4 {[%emt 0:02:34]} 12. Nxd4 {[%emt 0:00:23]} a6 {[%emt 0:00:58]} 13. Qf3 {[%emt 0:01:22]} Rd8 {[%emt 0:15:12]} 14. h4 {[%emt 0:02:49]} Nc6 {[%emt 0:06:04]} 15. Nxc6 {[%emt 0:07:08]} bxc6 {[%emt 0:00:18]} 16. h5 {[%emt 0:00:28]} Be5 {[%emt 0:05:39]} 17. O-O {[%emt 0:09:39]} h6 {[%emt 0:14:01]} 18. Rae1 {[%emt 0:02:08]} a5 {[%emt 0:05:55]} 19. Bc1 {[%emt 0:00:43]} Bd6 {[%emt 0:00:46]} 20. Bc2 {[%emt 0:11:43]} f5 {[%emt 0:04:38]} 21. Bd3 {[%emt 0:02:24]} Qf7 {[%emt 0:01:39]} 22. Re2 {[%emt 0:00:34]} Bd7 {[%emt 0:01:24]} 23. Rfe1 {[%emt 0:01:45]} Re8 {[%emt 0:00:47]} 24. Bf4 {[%emt 0:04:53]} Bf8 {[%emt 0:07:04]} 25. Be5 {[%emt 0:01:28]} Bc5 {[%emt 0:01:41]} 26. Qg3 {[%emt 0:05:28]} Bf8 {[%emt 0:00:24]} 27. Qh4 {[%emt 0:01:22]} Be7 {[%emt 0:01:23]} 28. Qh2 {[%emt 0:00:22]} Bc5 {[%emt 0:00:40]} 29. g4 {[%emt 0:03:57]} fxg4 {[%emt 0:00:58]} 30. Bg6 {[%emt 0:00:51]} Qf3 {[%emt 0:00:31]} 31. Bxe8 {[%emt 0:01:46]} Rxe8 {[%emt 0:00:05]} 32. Qf4 {[%emt 0:02:32]} Bf5 {[%emt 0:00:25]} 33. b4 {[%emt 0:03:50]} axb4 {[%emt 0:00:40]} 34. cxb4 {[%emt 0:00:02]} Ba7 {[%emt 0:00:33]} 35. Qxf3 {[%emt 0:05:29]} gxf3 {[%emt 0:00:05]} 36. Re3 {[%emt 0:00:18]} Be4 {[%emt 0:01:33]} 37. Bb2 {[%emt 0:01:02]} Bxe3 {[%emt 0:00:25]} 38. fxe3 {[%emt 0:00:15]} Rb8 {[%emt 0:00:17]} 39. a3 {[%emt 0:00:18]} c5 {[%emt 0:00:15]} 40. Bc3 {[%emt 0:00:52]} cxb4 {[%emt 0:00:29]} 41. axb4 {[%emt 0:30:04]} Rc8 {[%emt 0:09:17]} 42. Rc1 {[%emt 0:00:00]} Kf7 {[%emt 0:01:20]} 43. Kf2 {[%emt 0:00:00]} g6 {[%emt 0:01:36]} 44. hxg6+ {[%emt 0:00:00]} Kxg6 {[%emt 0:00:04]} 45. Bb2 {[%emt 0:00:00]} Rc4 {[%emt 0:02:59]} 46. Ba3 {[%emt 0:00:00]} Kf5 {[%emt 0:00:58]} 47. b5 {[%emt 0:00:00]} Ke6 {[%emt 0:01:05]} 48. Kg3 {[%emt 0:00:00]} Kd7 {[%emt 0:01:32]} 49. Bb2 {[%emt 0:00:00]} Kc7 {[%emt 0:01:45]} 50. Rh1 {[%emt 0:00:00]} Kb7 {[%emt 0:08:13]} 51. Rh2 {[%emt 0:00:00]} h5 {[%emt 0:00:27]} 52. Bd4 {[%emt 0:00:00]} Rc8 {[%emt 0:06:01]} 53. Ra2 {[%emt 0:00:00]} Rg8+ {[%emt 0:00:15]} 54. Kh4 {[%emt 0:00:00]} Ra8 {[%emt 0:01:27]} 55. Rxa8 {[%emt 0:00:00]} 1/2-1/2